3120-那智勝浦町(和歌山県)の駅 - Statistics

General Stats
  • This quiz has been taken 5 times
  • The average score is 4 of 7
Answer Stats
Answer % Correct
紀伊勝浦
100%
那智
75%
宇久井
50%
紀伊天満
50%
湯川
50%
下里
50%
紀伊浦神
25%
No matching quizzes found
Score Distribution
Percent of People with Each Score
Percentile by Number Answered
Your Score History
You have not taken this quiz